Online
Catalog

Análisis de la era de Trujillo : (Record no. 45120)

MARC details
000 -CABECERA
campo de control de longitud fija 01512nam a2200349 i 4500
001 - NÚMERO DE CONTROL
campo de control 000045631
003 - IDENTIFICADOR DEL NÚMERO DE CONTROL
campo de control DO-SdBNP
005 - FECHA Y HORA DE LA ÚLTIMA TRANSACCIÓN
campo de control 20240307073949.0
007 - CAMPO FIJO DE DESCRIPCIÓN FÍSICA--INFORMACIÓN GENERAL
campo de control de longitud fija ta
008 - DATOS DE LONGITUD FIJA--INFORMACIÓN GENERAL
campo de control de longitud fija 150417m19591989dr cd 000 0 spa d
040 ## - FUENTE DE LA CATALOGACIÓN
Centro catalogador/agencia de origen DO-SdBNP
Lengua de catalogación spa
Centro/agencia transcriptor BNPHU
Normas de descripción rda
082 #4 - NÚMERO DE LA CLASIFICACIÓN DECIMAL DEWEY
Número de clasificación 972.93053
Número de documento/Ítem C794a, 1989
Número de edición 22
100 1# - ENTRADA PRINCIPAL--NOMBRE DE PERSONA
Nombre de persona Cordero Michel, José R.,
Fechas asociadas al nombre 1931-1959
9 (RLIN) 46170
245 10 - MENCIÓN DE TÍTULO
Título Análisis de la era de Trujillo :
Resto del título informe sobre la República Dominicana, 1959 /
Mención de responsabilidad, etc. José R. Cordero Michel.
250 ## - MENCIÓN DE EDICIÓN
Mención de edición 6a. ed.
264 ## - PRODUCCIÓN, PUBLICACIÓN, DISTRIBUCIÓN, FABRICACIÓN Y COPYRIGHT
Producción, publicación, distribución, fabricación y copyright Santo Domingo :
Nombre del de productor, editor, distribuidor, fabricante Universitaria-UASD,
Fecha de producción, publicación, distribución, fabricación o copyright 1989.
300 ## - DESCRIPCIÓN FÍSICA
Extensión 109 p. :
Otras características físicas il.,, grafcs., retrs.,
Dimensiones 22 cm.
490 1# - MENCIÓN DE SERIE
Mención de serie Publicaciones de la Universidad Autónoma de Santo Domingo
Designación de volumen o secuencia 169
490 1# - MENCIÓN DE SERIE
Mención de serie Historia y sociedad ;
Designación de volumen o secuencia 15
500 ## - NOTA GENERAL
Nota general Incluye datos biográficos del autor en la contracubierta.
500 ## - NOTA GENERAL
Nota general Incluye referencias bibliográficas y notas al pie de las páginas.
504 ## - NOTA DE BIBLIOGRAFÍA, ETC.
Nota de bibliografía, etc. Bibliografía : p. 105-109
590 ## - NOTA LOCAL (RLIN)
Nota local Inventariado 2023 / MF
650 #4 - PUNTO DE ACCESO ADICIONAL DE MATERIA--TÉRMINO DE MATERIA
Término de materia o nombre geográfico como elemento de entrada Educación
Subdivisión geográfica República Dominicana
Subdivisión general Historia
Subdivisión cronológica Era de Trujillo, 1930-1961
9 (RLIN) 83062
651 #4 - PUNTO DE ACCESO ADICIONAL DE MATERIA--NOMBRE GEOGRÁFICO
Nombre geográfico República Dominicana
Subdivisión general Historia
Subdivisión cronológica Era de Trujillo, 1930-1961
651 #4 - PUNTO DE ACCESO ADICIONAL DE MATERIA--NOMBRE GEOGRÁFICO
Nombre geográfico República Dominicana
Subdivisión general Política y gobierno
Subdivisión cronológica Era de Trujillo, 1930-1961
710 1# - PUNTO DE ACCESO ADICIONAL--NOMBRE DE ENTIDAD CORPORATIVA
Nombre de entidad corporativa o nombre de jurisdicción como elemento de entrada Universidad Autónoma de Santo Domingo
9 (RLIN) 72951
830 #0 - PUNTO DE ACCESO ADICIONAL DE SERIE-TÍTULO UNIFORME
Título uniforme Publicaciones de la Universidad Autónoma de Santo Domingo ;
Número de parte o sección de la obra 169
9 (RLIN) 73697
830 #0 - PUNTO DE ACCESO ADICIONAL DE SERIE-TÍTULO UNIFORME
Título uniforme historia y sociedad ;
Número de parte o sección de la obra 15
9 (RLIN) 73698
910 ## - DATOS DE OPCIÓN DEL USUARIO (OCLC)
Datos de opción del usuario MFeliz/Validado. Control de calidad MFF
942 ## - ELEMENTOS DE PUNTO DE ACCESO ADICIONAL (KOHA)
Fuente del sistema de clasificación o colocación Dewey Decimal Classification
Tipo de ítem Koha Libro
Holdings
Estado de retiro Estado de pérdida Fuente del sistema de clasificación o colocación Restricciones de uso No para préstamo Código de colección Localización permanente Ubicación/localización actual Ubicación en estantería Fecha de adquisición Fuente de adquisición Signatura topográfica completa Código de barras Fecha visto por última vez Precio válido a partir de Tipo de ítem Koha Nota pública Número de copia
    Dewey Decimal Classification Excluido de préstamo   Patrimonio Dominicano Biblioteca Nacional Pedro Henríquez Ureña Biblioteca Nacional Pedro Henríquez Ureña Depósito 17.04.2015 Donación BNPHU PD 972.93053 C794a 1989 45631-10 25.06.2020 25.06.2020 Libro Perteneció a la biblioteca personal de Erick Landestoy.  
    Dewey Decimal Classification Excluido de préstamo   Patrimonio Dominicano Biblioteca Nacional Pedro Henríquez Ureña Biblioteca Nacional Pedro Henríquez Ureña Depósito 12.05.2015 Donación BNPHU PD 972.93053 C794a 1989 45631-20 25.06.2020 25.06.2020 Libro   e. 2
    Dewey Decimal Classification Préstamo en sala   Dominicana de Servicio Biblioteca Nacional Pedro Henríquez Ureña Biblioteca Nacional Pedro Henríquez Ureña Depósito 22.06.2020 Compra BNPHU DS 972.93053 C794a 1989 2023-0521 01.02.2023 01.02.2023 Libro   e.3

Powered by Koha